[Event "Chennai op 3rd"]
[Site "Chennai"]
[Date "2011.01.19"]
[Round "3"]
[White "Sanjeev, Biswas"]
[Black "Laxman, Rajaram"]
[Result "0-1"]
[WhiteElo "2041"]
[BlackElo "2463"]
[PlyCount "68"]
[EventDate "2011.01.18"]
[EventType "swiss"]
[EventRounds "11"]
[EventCountry "IND"]
[SourceTitle "CBM 140 Extra"]
[Source "ChessBase"]
[SourceDate "2011.03.01"]
[SourceVersion "1"]
[SourceVersionDate "2011.03.01"]
[SourceQuality "1"]

1. e4 e5 2. Nf3 Nc6 3. Bc4 Nf6 4. d3 Be7 5. 0-0 0-0 6. c3 d6 7. Bb3 Na5 8. Bc2 c5 9. h3 Nc6 10. Be3 d5 11. Qe2 d4 12. Bc1 Rb8 13. a4 a6 14. a5 Bd6 15. Bd2 Re8 16. g4 h5 17. g5 Nh7 18. Kg2 g6 19. Rg1 Nf8 20. cxd4 exd4 21. Bb3 Be6 22. Ba4 Bd7 23. Bb3 Ne6 24. Bxe6 Bxe6 25. Nh4 Bc7 26. f4 c4 27. f5 cxd3 28. Qd1 Qd6 29. fxe6 Qg3+ 30. Kf1 Qxh3+ 31. Rg2 Qh1+ 32. Rg1 Qxh4 33. exf7+ Kxf7 34. Rg2 Qh1+ 0-1

[Event "New Delhi Parsvnath op 9th"]
[Site "New Delhi"]
[Date "2011.01.10"]
[Round "5"]
[White "Kulkarni, Chinmay"]
[Black "Sanjeev, Biswas"]
[Result "1/2-1/2"]
[WhiteElo "2317"]
[BlackElo "2041"]
[PlyCount "107"]
[EventDate "2011.01.08"]
[EventType "swiss"]
[EventRounds "11"]
[EventCountry "IND"]
[SourceTitle "CBM 140 Extra"]
[Source "ChessBase"]
[SourceDate "2011.03.01"]
[SourceVersion "1"]
[SourceVersionDate "2011.03.01"]
[SourceQuality "1"]

1. Nf3 d5 2. d4 e6 3. g3 h6 4. Bg2 Nf6 5. 0-0 b6 6. c4 Bb7 7. cxd5 exd5 8. Nc3 Be7 9. Qc2 a6 10. Rd1 0-0 11. Nh4 Re8 12. Nf5 Bf8 13. Bf4 Nc6 14. Rac1 Qd7 15. h3 g5 16. Be3 Ne7 17. Nxe7+ Bxe7 18. Qd2 Rad8 19. a3 Qe6 20. Qc2 Bd6 21. Bd2 Re7 22. e3 Ne4 23. Nxe4 dxe4 24. Bc3 Bd5 25. Qd2 Bb3 26. d5 Qg6 27. Qd4 Kh7 28. Rd2 a5 29. Qf6 Rde8 30. h4 Rg8 31. Bh3 g4 32. Bf1 Ba4 33. Ba6 Ree8 34. Bb7 Qxf6 35. Bxf6 Kg6 36. Bd4 Rb8 37. Bc6 Bxc6 38. Rxc6 Rgd8 39. Rdc2 Rb7 40. Kf1 Kf5 41. Ke2 Rd7 42. Kd1 f6 43. Kc1 Rb8 44. Kb1 Rf8 45. Ka2 Rff7 46. Kb3 h5 47. Kc4 Rfe7 48. Rd2 Re8 49. Bc3 Rdd8 50. Rd1 Rc8 51. b4 axb4 52. axb4 Ra8 53. Ra1 Rxa1 54. Bxa1 1/2-1/2